[Event "Jean Jaures 2 - Brasschaat 3  4-2"]
[Site "?"]
[Date "2019.03.17"]
[Round "9"]
[White "De Weerd, Jan"]
[Black "Witt, Rob"]
[Result "1/2-1/2"]
[WhiteElo "2099"]
[BlackElo "2131"]
[Annotator "Witt"]
[PlyCount "160"]
[EventDate "2019.??.??"]

{Voor beide teams staat niks meer op het spel. Des te merkwaardiger dat de
kopborden van Brasschaat 3 aanzienlijk sterker waren dan de staartborden van
Brasschaat 1 dat tegen Jean Jaurès 1 toch geacht werd te vechten voor
lijfsbehoud. Ik wist van mijn tegenstander alleen dat hij 1.e4 opende maar
niet wat hij tegen het Frans deed.} 1. e4 e6 2. d4 d5 3. Nd2 c5 4. Ngf3 cxd4 5.
exd5 Qxd5 {Op zich is dit een prima variant maar hij brengt mij geen geluk. Ik
heb er geloof ik nog nooit mee gewonnen en zeker vier keer mee verloren.} 6.
Bc4 Qd6 7. O-O Nf6 8. Nb3 Nc6 9. Nbxd4 Nxd4 10. Nxd4 ({Zelfs tegen het
onschuldige} 10. Qxd4 {heb ik de laatste jaren twee keer verloren.}) 10... a6 {
Deze uitgangsstelling van dit systeem stond snel op het bord.} 11. c3 {Na een
kleine 20 minuten.} ({Tegen Martin Bottema kreeg ik vorig seizoen} 11. Re1 Qc7
12. Qe2 h6 $1 {Martin vond het jammer dat ik deze zet kende want hierna heeft
wit niets. Ik had deze aanpak van Merijn van Delft geleerd.}) 11... Qc7 12. Qe2
h6 {Die deed ik zonder nadenken omdat ik dacht dat ik in die stelling tegen
Bottema zat.} ({Gebruikelijk en veel beter is} 12... Bd6 {Er zijn dan veel
partijen met} 13. h3 O-O 14. Bg5 Ne4) 13. g3 {Na 25 minuten. Ik zat inmiddels
te knikkebollen en schrok wakker toen hij de zet deed.} Be7 {Na een kwartier.
Ik kon me niet meer herinneren wat ik hier ooit bekeken heb, En dat kan dus
kloppen want deze stelling heb ik nooit eerder gezien.} (13... Bd6 14. Nf5 O-O
15. Nxd6 {vond ik niet leuk en misschien kan wit ook op h6 slaan.}) ({en} 13...
e5 14. Bf4 Bd6 15. Bxe5 Bxe5 16. f4 O-O 17. fxe5 Bg4 {beviel me ook niet.}) 14.
Bf4 Qc5 ({Op} 14... Bd6 {vond ik} 15. Bb5+ {storend.}) 15. Be3 {Na 6 minuten.
Ik zat hier een beetje te balen want ik had geen zin in een zetherhaling en de
tekstzet beviel me ook niet zo.} Qh5 16. Qxh5 {A tempo. Mijn tegenstander zei
na afloop dat ik beter op de zetherhaling had kunnen ingaan. Het is dat ik
remise had gemaakt anders had ik hem tegen de grond geslagen.} Nxh5 17. Be2 Nf6
{Wit staat beter.} 18. Bf3 Nd5 {Na 10 minuten} ({Mijn bedoeling was} 18... e5 {
maar ineens zag in een vage variant met} 19. Nc6 $1 {en dit blijkt inderdaad
een sterke zet.} Bd6 (19... e4 20. Nxe7 exf3 21. Nxc8 Rxc8 22. Bd4 $16) 20.
Rfd1 ({Ik zag alleen} 20. Na5 {wat me ook al lastig leek.}) 20... Bc7 21. Na7
$5 $16) ({Ik weet eigenlijk niet waarom ik niet gewoon} 18... O-O {speelde.})
19. Bxd5 {Na 6 minuten. Op de een of andere manier had ik niet verwacht dat
wit dit zou spelen.} exd5 20. Rfe1 Be6 {Na 2 minuten. Ik dacht niet meer dan
dat mijn tegenstander die ook wel zou ruilen.} 21. f4 {Niet dus. En nu speelde
ik a tempo} g6 $4 (21... Bg4) 22. Nxe6 fxe6 23. Bd4 {En ik had met een gerust
hart kunnen opgeven.} Rg8 24. Rxe6 {Wit nog een half uur, zwart een uur.} Kd7
25. Rae1 Bd6 {Mijn tegenstander begon nu wat sneller te spelen om tijd in te
lopen.} 26. Kg2 {Niks mis mee maar er waren hardere voortzettingen.} Rae8 27.
Rxe8 Rxe8 28. Rxe8 Kxe8 29. h3 h5 30. Kf3 Kf7 31. g4 hxg4+ 32. hxg4 (32. Kxg4
$1) 32... Ke6 ({Moeilijk te zeggen of het wel of niet nuttig was om} 32... b5 {
te spelen.}) 33. Bb6 Bb8 34. a4 Bd6 35. b3 Bb8 36. c4 Bd6 37. Bd4 Bc7 38. Bc3
Bd6 39. Bg7 Ba3 40. Be5 Bc1 {Allebei een half uur erbij. Het is nog steeds
totaal uit.} 41. Bb8 Bd2 42. Ke2 Bc3 43. Kd3 Be1 44. Ba7 Bh4 45. Bd4 Bd8 {
Voelt wel lekker om a tempo van die lange loperzetten te doen.} 46. Ke3 Bc7 47.
Kf3 Bd6 48. Bc3 {Wit ziet kennelijk niet zo scherp wat het beste winstplan is.}
({Stockfish is erg enthousiast over} 48. c5 Be7 49. b4 {(+10)}) 48... Be7 49.
cxd5+ $2 {Waarschijnlijk nog steeds voldoende voor winst maar niet de
makkelijkste weg.} Kxd5 50. f5 gxf5 51. gxf5 Bd6 {Wit nog een half uur, zwart
ruim een uur.} ({Beter maar ook verliezend was} 51... b5) 52. a5 $1 {Na 12
minuten.} Bc7 53. f6 $2 {Na 3 minuten een zet die de winst vergooit.} ({
De winst is simpel als wit eerst zijn koning activeert.} 53. Kg4) 53... Ke6 54.
Kg4 b6 55. axb6 Bxb6 56. Kg5 Kf7 {Na 5 minuten.} ({Ik vermoedde dat} 56... Bd8
57. Kg6 Bxf6 58. Bxf6 a5 {ook remise was, maar ik wist het niet zeker.}) 57. b4
Bc7 58. Bd4 Bd8 59. Kf5 Bc7 60. Be5 {Wit nog 3 minuten.} Bb6 61. Ke4 Ke6 62.
Bd4 Bc7 63. Kd3 Bd6 64. Kc4 Bb8 65. Kb3 Bd6 66. Bc3 Bb8 67. Kc4 Ba7 68. Bd4 Bb8
69. Kd3 Bd6 70. Bc3 Kd5 {Ik had het gevoel dat wit misschien zijn klok zou
vergeten. Een paar keer had hij maar 6 seconden.} (70... Bxb4 {was wel zo
duidelijk.}) 71. Ke3 Kc4 72. Be1 Kd5 73. Bc3 Kc4 74. Kd2 Bf4+ 75. Kc2 Bg5 76.
f7 Be7 77. Kb2 Bf8 78. Bd2 Kd5 79. Kb3 Ke6 80. Be3 Bxb4 {Het eerste won met
5½-2½ van Brasschaat 1 en is met nog 2 ronden te gaan en 4 matchpunten
voorsprong zo goed als veilig. Het tweede won met 4-2 van Brasschaat 3 en het
derde won met 4-0 van Brasschaat 7. Op de terugweg aten we weer in
St-Job-in-'t-Goor. Deze keer niet bij Dikke Mee maar bij een prima Italiaan.}
1/2-1/2

[Event "Caissa intern 2018-2019"]
[Site "?"]
[Date "2019.03.19"]
[Round "2.9"]
[White "Witt, Rob"]
[Black "Vroombout, Enrico"]
[Result "1-0"]
[WhiteElo "2131"]
[BlackElo "2142"]
[Annotator "Witt"]
[PlyCount "125"]
[EventDate "2019.??.??"]

{In de 9e ronde van de 2e cyclus speelde ik pas mijn 4e partij. Gelukkig kreeg
ik wel een leuke tegenstander.} 1. d4 g6 2. e4 d6 3. Nf3 Bg7 4. Bd3 {Eerder
dit seizoen in de knsb speelde ik Le2, deze keer Ld3 en de volgende keer
misschien Lc4.} Bg4 ({Vaak worden eerst de paarden ontwikkeld, bijv.} 4... Nf6
5. O-O O-O 6. c3 Nc6 7. Re1 e5 8. h3 Re8 {(39.½-½) Guseinov,G (2645)-Carlsen,
M (2832) chess.com INT 2017}) ({of} 4... Nc6 5. c3 e5 {en hier is het een
kwestie van smaak of wit ruilt, doorschuift of de spanning handhaaft. Alledrie
plannen worden door sterke spelers gespeeld.}) 5. c3 e5 6. dxe5 dxe5 7. O-O Nd7
8. Be3 {Na 9 minuten} Ngf6 9. Nbd2 O-O 10. h3 {Na 7 minuten.} Bxf3 11. Qxf3 {
Dit bemoeilijkt zwarte plannen met Ph5 en f5 en daarnaast heb ik mijn paard
graag op c4.} ({Mijn alternatief was} 11. Nxf3 Qe7 12. Qb3 {want} Nc5 {kan ik
pennen met} 13. Qa3) 11... Nh5 {Na 7 minuten. Mijns inziens doet het paard
hier niets.} (11... Qe7) 12. g3 Nb6 {Na 5 minuten.} 13. Qe2 Qd7 14. Kh2 Rfd8
15. Bc2 Na4 {Na 20 minuten. Zwart nog 50 minuten, wit een uur. Enrico heeft
ook dit paard naar een veld gedirigeerd waar het weinig doet. Hij zei na
afloop dat zijn stelling hem totaal niet beviel en hij geen plan kon verzinnen.
} 16. Rab1 {Na 6 minuten.} ({Stockfish suggereert} 16. Bb3 {met als idee} Nxb2
$2 17. Nf3 Na4 18. Ng5 Rf8 19. Qd1 $1 Qxd1 20. Raxd1 b5 21. Rd7 $18) ({Mijn
alternatief was} 16. Nc4 {waarop ik verwachtte} Qb5 17. Bd3 Qe8 18. Rfd1) 16...
Qc6 {Na 9 minuten het antwoord dat ik verwachtte.} 17. Qc4 {Dit was mijn idee.
Wit forceert damerauil en krijgt een goed eindspel.} Qxc4 18. Nxc4 b5 (18...
Nb6 19. Na5 {met groot voordeel.}) 19. Bxa4 {Na 5 minuten.} ({De engine heeft
een lichte voorkeur voor} 19. Na5 {maar ik zag niet zo helder hoe het verder
moet na} a6) 19... bxa4 20. Rfd1 a6 {Wit nog 3 kwartier, zwart een half uur.}
21. f3 f6 {A temp gespeeld door Enrico.} ({Gezien het vervolg vond Enrico dat
hij had moeten kiezen voor} 21... Bf8 {maar dat lijkt niet het geval want na}
22. g4 Ng7 23. Bg5 {is het witte voordeel groter dan in de partij.}) 22. g4 {
Na 8 minuten. Ik vond het moeilijk kiezen tussen zwart de kans geven om te
hergroeperen met Lf8 en Pg7-e6, of over te gaan naar het eindspel in de partij.
De engine is het niet eens met mijn keuze.} (22. Kg2) 22... Nf4 23. Bxf4 {
De consequentie van mijn vorige zet.} (23. Kg3 Bh6 24. h4) 23... exf4 24. Kg2
Kf7 25. Kf2 {Ik denk dat Enrico hier een beetje zat te balen want toen ik hem
een drankje aanbood, nam hij een biertje. dat vond ik een goed teken want zo
duidelijk is het allemaal niet.} Bf8 ({De engine geeft de voorkeur aan} 25...
f5 $1 {wat mij ook het beste leek. Ik wist nog niet of ik wel of niet twee
keer moest slaan. De engine geeft} 26. exf5 gxf5 27. gxf5 Bf6 28. Kf1 {Dan had
ik op zet 25 dus beter Kf1 kunnen spelen.} Bh4 29. Rxd8 Rxd8 30. Ke2 {met een
klein plusje.}) 26. Ke2 Ke6 {Na 5 minuten nadenken besloot ik hier om alle
torens te ruilen.} 27. Rxd8 ({Misschien is} 27. b3 {een beter alternatief.})
27... Rxd8 28. Rd1 {En ook hier kun je je afvragen of een zet met de b-pion
niet beter was geweest.} Rxd1 29. Kxd1 f5 30. Ke2 $2 {Die deed ik bijna a
tempo omdat ik de zwarte koning niet veld d5 wilde geven.} ({Na} 30. exf5+ gxf5
31. Kc2 {heeft zwart groete problemen.}) 30... fxe4 31. fxe4 {Ik was hier
optimistisch, maar de engine beoordeelt de stelling als gelijk.} Bg7 $2 (31...
g5) 32. Kf3 $2 {A tempo.} ({Eerst} 32. g5 {won simpel een pion.}) 32... g5 33.
Ke2 Kd7 {Wit nog 25 minuten, zwart 20 minuten.} 34. Kd3 Kc6 $6 {Enrico wil
mijn koning niet op c4 toelaten.} (34... Ke6 $1) 35. Nd2 Kc5 36. Nf3 h6 {
Enrico wil mijn koning ook niet op e4 toelaten.} (36... Bf6 37. e5 Be7 38. Ke4)
37. h4 gxh4 $2 {A tempo gespeeld. Voor mij een onbegrijpelijke beslissing.} (
37... Bf6 38. hxg5 hxg5 39. e5 Be7 40. Ke4 {is beter voor wit, maar de
remisemarge is groot.}) 38. Nxh4 Bf6 39. Nf5 $2 {We spelen allebei te snel en
slordig.} ({Ik had het zwarte spel kunnen afstraffen met} 39. Ng6 {Ik herinner
me dat ik er wel naar gekeken heb. Ik geloof dat ik dacht dat het niets was na}
Bg5 40. Ke2 Kc4 {met de dreiging a3. Maar wit heeft} 41. Ne5+ Kc5 42. Nf3 Kc4
43. Nd2+ Kc5 44. e5 {en wit kan altijd een stelling bereiken met Ke4 en Pf3.})
39... Bg5 40. Nd4 Kd6 41. b3 $2 {Dit had niks mogen opleveren.} ({Maar na} 41.
Nf3 Bf6 42. Kc4 c5 {zag ik geen vervolg.}) 41... axb3 42. axb3 c5 43. Nf3 Bf6
44. Kc4 Be7 $2 ({Na} 44... Ke6 {kan wit niet verder komen.}) ({of ook} 44...
Be5 $11) 45. e5+ Kc6 {Allebei nog 12 minuten.} 46. Kd3 Kb5 47. c4+ $2 {Weer
zo'n slordige a tempozet, puur op gevoel gespeeld.} (47. Ke4 $18) (47. Nd2 $18)
47... Kb4 {Het staat weer gelijk volgens de engine. Ik dacht nog steeds dat ik
ging winnen.} 48. Kc2 a5 {Wit nog 9 minuten, zwart 7 minuten.} 49. Ne1 Ka3 50.
Nf3 Ka2 51. e6 Ka3 52. Ne5 Ka2 $2 {De laatste fout. Nu staat wit gewonnen.
Zwart had een loperzet moeten spelen.} (52... Bf6 $11) 53. Nc6 {Beiden nog 3
minuten.} f3 54. Kd3 f2 55. Ke2 Kxb3 56. Nxa5+ Kc3 57. Kxf2 Bh4+ 58. Ke3 Kb4
59. e7 Bxe7 60. Nc6+ Kxc4 61. Nxe7 Kb3 62. Kf4 Kc4 63. Ke4 {En Enrico
feliciteerde me.} 1-0

[Event "KGSRL - Jean Jaures"]
[Site "?"]
[Date "2019.03.31"]
[Round "10.7"]
[White "Van der Stricht, Geert"]
[Black "Witt, Rob"]
[Result "1-0"]
[WhiteElo "2366"]
[BlackElo "2131"]
[Annotator "Witt"]
[PlyCount "73"]
[EventDate "2019.??.??"]

{In de voorlaatste ronde speelden we de uitwedstrijd tegen onze huisbaas de
Koninklijke Gentse Schaakkring Ruy Lopez (KGSRL). M.a.w. we speelden in ons
eigen clubgebouw. KGSRL had nog een theoretische kans op het kampioenschap en
ze kwamen dan ook versterkt aan de start met een team dat gemiddeld bijna 200
elopunten sterker was dan wij. Een andere tegenvaller was dat we kort voor
vertrek hoorden dat Elwin niet kon spelen, zodat ik een bordje opschoof en
onvoorbereid met zwart moest spelen tegen tweevoudig Belgisch kampioen Geert
van der Stricht. Geert wist mij te vertellen dat wij 18 jaar geleden ook tegen
elkaar gespeeld hadden. Hij had die partij nog bekeken.} 1. d4 d5 2. c4 e6 3.
Nc3 Nf6 {Ik had voor het Damegambiet gekozen omdat ik de Ruilvariant
verwachtte, maar hij koos wat anders.} ({Naast mij zag ik bij Wunnink-Ris een
variant die ik nooit eerder had gezien} 3... a6 4. cxd5 exd5 5. Qb3 c5 {
Een nieuwe versie van de zgn. Janowskivariant.}) 4. Bg5 Be7 5. e3 O-O 6. Nf3 h6
7. Bxf6 {Een verrassing. In de jaren '80 was deze voortzetting bijzonder
populair. Ik herinnerde mij dat Paul van der Sterren destijds zei dat hij voor
toernooien alleen maar deze variant hoefde voor te bereiden. Daarna is deze
methode in onbruik geraakt.} Bxf6 {In mijn herinnering werd hier meestal met
Tc1 of Dd2 voortgezet en moest zwart dan niet c5 doen.} 8. Qc2 a6 {Na 10
minuten.} ({Na afloop hoorde ik dat je hier wel} 8... c5 {moet spelen en na} 9.
dxc5 {zou volgens Michael Wunnink} dxc4 {de beste voortzetting zijn. Veel
partijen gaan dan verder met} 10. Bxc4 Nd7 11. c6 {De meeste partijen worden
remise.}) 9. O-O-O dxc4 {Misschien moet zwart hier ook wat anders doen.} 10.
Bxc4 b5 11. Bd3 Bb7 12. Bh7+ Kh8 13. Be4 c6 $2 {Na 10 minuten deze te passieve
zet. Ik was hier eigenlijk al ontevreden met mijn openingskeus. Wit dreigt de
zwarte stelling op te rollen met h4, g4 en g5 en zwart kan daar niks tegenover
stellen.} ({Helaas overwoog ik niet} 13... Nc6 {wat volgens Stockfish het
beste is. Bijv.} 14. h4 Be7 15. g4 Nb4 16. Qb1 Nd5 {en dit lijkt nog wel
speelbaar voor zwart.}) ({Ik keek wel naar} 13... Bd5 {maar dat is slecht na}
14. Bxd5 exd5 15. g4) 14. h4 {[%eval 112,0]} Qc7 {[%eval 106,0]} ({Iets beter
was} 14... Nd7 15. g4 Be7 16. g5) 15. g4 {Na 4 minuten.} ({Terwijl wit nadacht
zag ik dat wit na} 15. Ng5 $1 {vrijwel op winst staat.} Nd7 16. f4 $18) 15...
Nd7 {Na een kwartier. Ik zag eigenlijk geen verdediging meer.} 16. g5 {Na 23
minuten.} (16. Ng5 {was hier ook mogelijk maar lang niet zo sterk als op de
vorige zet.}) 16... Be7 17. Kb1 {Na 8 minuten.} ({Ik verwachtte zondermeer} 17.
gxh6 gxh6 18. Ng5 Nf6 {wat mij hopeloos leek. Tot mijn verbazing vond Geert
het niet zo duidelijk.}) 17... f5 $2 {Na een kwartier. Allebei nog 35 minuten.}
({Volgens de engine had ik} 17... h5 {moeten proberen. Ik had er wel naar
gekeken, maar ik vond het niks.}) 18. gxf6 Rxf6 19. Ne5 {Na 7 minuten. Het
enige probleem voor wit is dat hij iedere keer de keus heeft uit meerdere
goede zetten.} (19. Ng5 {kwam ook in aanmerking.}) 19... Nxe5 {Zwart heeft
geen keus.} 20. dxe5 Rff8 21. f4 {Met de dreiging Dc2-g2-g6.} c5 22. Qg2 Bxe4+
23. Nxe4 Rfd8 {Na een kwartier.} 24. Qg6 {Na 10 minuten.} ({Ik hoopte op} 24.
Rxd8+ Rxd8 25. Rg1 Bf8 26. Qg6 Qd7 {en zwart doet nog mee.}) 24... Rxd1+ 25.
Rxd1 Rd8 26. Rg1 Bxh4 {Wit nog 15 minuten, zwart 9 minuten.} 27. Nd6 {Na 5
minuten.} ({De tekstzet is goed genoeg, maar ik vond} 27. Qxe6 {vervelender.})
27... Rf8 28. Qxe6 $6 {Na 4 minuten.} ({Heel sterk was} 28. f5 $1 $18) 28...
Bf2 29. Rd1 $2 {Na 5 minuten. Geert lijkt de draad kwijt te raken.} (29. Rf1 $1
Bxe3 30. f5 Bg5 31. f6) 29... Bxe3 30. f5 Bd4 $2 {Tegen f6 gericht.} ({Maar
beter geschikt daarvoor was} 30... Bg5 {En plotseling lijkt het gelijk te
staan na bijv.} 31. Rf1 c4 32. f6 gxf6 33. exf6 Qd8 $44) 31. Rh1 (31. Rf1 $1)
31... Be3 $2 {Zwart nog 2 minuten.} ({Niet gekeken naar} 31... Qa5 $1 {
Misschien kan zwart het houden na} 32. f6 ({Tot remise leidt} 32. Nf7+ Rxf7 33.
Qxf7 Qd2) 32... Qd2 33. fxg7+ Kxg7 34. Ne8+ {only move.} Rxe8 35. Qf6+ Kh7 36.
Qf7+ Kh8 37. Qxe8+ Kg7 {en wit lijkt niet verder te komen.}) 32. Rh3 {Opnieuw
aarzelend gespeeld.} ({Geert zag af van} 32. f6 gxf6 33. exf6 {wegens} Qh7+ {
Wit staat echter op winst (+3) volgens de engine al is dat onder tijdsdruk
moeilijk te zien.}) 32... Bf4 33. Rf3 {Terwijl de seconden wegtikten keek ik
alleen naar loperzetten en met nog 6 seconden speelde ik} Bxe5 $2 {Dit
verliest kansloos.} ({Helaas had ik te weinig tijd om te kijken naar} 33... Qa5
$1 {Hierna is geen winst voor wit te zien.}) ({Mijn alternatief} 33... Bg5 {
was ook beter geweest. Wit houdt wel voordeel. Alleen niet met} 34. f6 gxf6 35.
exf6 Qh7+ 36. Ka1 Qg6) 34. Qxe5 Rf6 $2 {Nog een fout in verloren stelling.} (
34... Kh7) 35. Qe8+ Kh7 36. Ne4 Rf7 37. Ng5+ {En ik feliciteerde Geert. We
verloren de wedstrijd met 7-1. Remises voor Ikonnikov tegen Edouard en aan
bord 4 liet Arno Bezemer Jan Timman ontsnappen met remise. Extra knap als je
bedenkt dat hij met een half uur minder speelde evenals Jasel Lopez en
Henk-Jan Visser. Theoretisch konden we nog ingehaald worden door Boitsfort
maar die verloren ook zodat we ons gehandhaafd hebben. Op 7 april volgt de
gezamenlijke slotronde ergens in de buurt van Huy.} 1-0

[Event "Caissa 6 - VAS 6  6,5-1,5"]
[Site "?"]
[Date "2019.04.23"]
[Round "10"]
[White "Witt, Rob"]
[Black "Roebers, Jan"]
[Result "1/2-1/2"]
[WhiteElo "2130"]
[BlackElo "2094"]
[Annotator "Witt"]
[PlyCount "66"]
[EventDate "2019.??.??"]

{Ik viel voor de tweede keer in bij Caïssa 6 dat aan kop gaat in de
hoofdklasse van de SGA. Aan bord 6 trof ik Jan Roebers waarvan ik 3½ jaar
geleden won bij het Eijgenbroodtoernooi. Zij 12-jarige dochter Eline zat aan
bord 1 tegenover Arno Bezemer. Het speeltempo is 1½ uur voor de hele partij +
15 seconden increment.} 1. d4 Nf6 2. c4 g6 3. Nc3 Bg7 4. e4 d6 5. f3 O-O 6. Be3
a6 7. Qd2 {Deze stelling hadden we 3½ jaar geleden ook op het bord.} c6 {
De Byrnevariant. Ik kan me niet herinneren wanneer ik die voor het laatst op
het bord heb gehad.} ({In onze vorige partij kwam de Pannovariant op het bord.
} 7... Nc6 8. Nge2 Rb8 9. Rc1 Bd7 10. Nd1 e5 11. d5 Ne7 {Witt-Roebers,
Eijgenbrood 2015 (34.1-0)}) 8. Bd3 ({Een andere interessante opbouw is} 8. a4
a5 9. Bd3 Na6 10. Rd1 e5 11. Nge2) 8... b5 9. Nge2 Nbd7 10. O-O bxc4 {Na een
kwartier. Wit nog 1:20 uur, zwart 1:07 uur.} (10... e5 11. cxb5 axb5 12. a3 Bb7
13. Bc2 exd4 14. Nxd4 Nb6 15. Bb3 Nfd7 {(27.0-1) Vrolijk,L (2427)-Sokolov,I 
(2567) Amsterdam Batavia 2018.}) 11. Bxc4 Rb8 12. Bb3 {Na 10 minuten. Ik wilde
een eventueel d6-d5 met e4-e5 kunnen beantwoorden.} c5 13. Na4 {Misschien is
het beter om eerst mijn torens op c1 en d1 te zetten.} cxd4 14. Nxd4 Bb7 15.
Rac1 Rc8 16. Ne2 {Na ruim een kwartier.} ({Mijn eerste gedachte was} 16. Qb4 {
maar na} Rb8 {heeft wit niet beter dan terug met} 17. Qd2) ({Vervolgens keek
ik naar} 16. Rxc8 Qxc8 17. Rc1 Qa8 {maar ik zag geen duidelijk vervolg. Zwart
kan met d5 loskomen.}) 16... Bc6 {Na 10 minuten. Beide spelers nog 50 minuten.}
17. Rfd1 Bb5 {Na ruim 10 minuten.} 18. Nd4 Rxc1 19. Rxc1 Ne5 20. Nxb5 axb5 21.
Nb6 {Ik was hier redelijk optimistisch. Mijn stukken zijn aktiever en pion b5
is zwak.} Nfd7 $2 {Die verraste me.} ({Gezien de dreiging Tc8 verwachtte ik
een grote afwikkeling met} 21... Qb8 22. Qe2 Nfd7 23. Qxb5 Nxb6 24. Qxb6 Qxb6
25. Bxb6 Nd7 26. Be3 {met voordeel.}) 22. Nd5 $2 {Na ruim 10 minuten. Ik kon
de dame winnen voor een toren + stuk, maar hoe langer ik keek, hoe
onduidelijker ik het vond. De engine geeft wit gewoon ruim +4. Ik weet niet
wat ik voor spoken zag. In de laatste knsb-partij verwierp ik ook al een
variant die de engine als +3 voor mij beoordeelde.} (22. Rc8 {Misschien heeft
Jan dit niet eens gezien, want in de analyse keek hij een tijdje voordat hij
nam.} Qxc8 23. Nxc8 Rxc8 24. Qa5 $18) 22... Nc5 23. Bxc5 $2 {Na 5 minuten weer
een slechte beoordeling, omdat ik zwart's 25e zet miste.} ({Na} 23. Bg5 f6 24.
Be3 {staat wit nog steeds ietsje beter.}) 23... dxc5 24. Rxc5 e6 25. Rc8 $2 ({
Als ik zwart's volgende zet had gezien, zou ik wel gekozen hebben voor} 25. f4
{bijv.} Bh6 ({of} 25... exd5 26. fxe5 Qb6 27. Qf2 $13) 26. Rc8 Qh4 27. Rxf8+
Kxf8 28. Qb4+ Kg8 29. g3 Nf3+ 30. Kg2 Qxh2+ 31. Kxf3 $13) 25... Qh4 $1 {
Totaal gemist.} ({Ik had alleen gekeken naar} 25... Qd7 {wat me iets beter
voor wit leek na} 26. Rc7 Qd8 27. Ne7+ Kh8 28. Qxd8 Rxd8 29. f4 Nd3 30. Nc6 Rf8
31. g3 $14) 26. Rxf8+ Bxf8 27. Nc3 $2 {En dit blijkt zelfs heel slecht te zijn:
} ({Ik dacht dat} 27. Ne3 {niet kon wegens} Bc5 28. Kh1 Nxf3 $1 29. gxf3 Qg5 {
Maar de engine verdedigt dit nog taai met} 30. h4 $1 Bxe3 31. hxg5 Bxd2 32. Kg2
Bxg5 33. Bc2 $17) 27... Bc5+ 28. Kh1 Nd3 29. Nd1 {Wit nog 30 minuten, zwart 22
minuten.} (29. g3 Qd8 30. Qe2 Qd4 31. Qf1 Nxb2 $19) 29... Qd8 {Na 5 minuten.} (
{Ik vond dit een mooie zet, maar nog sterker was} 29... Bd6 30. g4 Bf4 31. Qe2
Ne1 $19) 30. Qc3 $4 (30. Qe2 Qd4 31. Qf1 {leidt tot de partijstelling.}) 30...
Bb4 $2 ({Beide spelers missen hier} 30... b4 31. Qc4 Ba7 $1 {wint op slag.})
31. Qc2 Qd4 32. Qe2 Bc5 33. Qf1 Nxb2 {Met remiseaanbod wat ik natuurlijk
accepteerde.} ({Zwart had nog best op winst kunnen spelen met} 33... Nc1)
1/2-1/2